Чуй това! : 50 музикални инструмента и тяхното звучене (Запис номер 517250)
[ съкратено ]
| 000 -Лидер | |
|---|---|
| Лидер | 01711aam a2200337 a 4500 |
| 003 - Код на организацията, давaща контролен номер | |
| Код на организацията, даваща контролен номер | BLK |
| 005 - Дата и час на последна редакция | |
| Дата и час на последна редакция | 20250617112752.0 |
| 008 - Елементи от данни с фиксирана дължина | |
| Елементи с фиксирана дължина | 180710b bul||||| |||| 00| 0 bul d |
| 020 ## - Международен стандартен номер на книга ISBN | |
| ISBN | 9786192433017 |
| 020 ## - Международен стандартен номер на книга ISBN | |
| ISBN | 978-619-243-301-7 |
| 040 ## - Източник на каталожния запис | |
| Код на библиотеката | BLK |
| 041 ## - Код за език | |
| Език | Български |
| Език за КДБФ | Български |
| 080 ## - УДК | |
| УДК текст | Музика |
| УДК код | 78 |
| УДК – определител | :087.5 |
| УДК – код + определител | 78:087.5 |
| 9 (RLIN) | 234805 |
| 080 ## - УДК | |
| УДК текст | Издания за деца и юноши. Книжки-картинки. Читанки. Вж и 372.4 |
| УДК код | 087.5 |
| УДК – определител | :78 |
| УДК – код + определител | 087.5:78 |
| 9 (RLIN) | 231478 |
| 100 ## - Редна дума - Автор | |
| Автор | Кьонеке, Оле |
| R(LIN) | 494642 |
| 245 ## - Сведения за заглавието | |
| Заглавие | Чуй това! : 50 музикални инструмента и тяхното звучене |
| Авторска отговорност | текст и ил. Оле Кьонеке ; музика Ханс Кьонеке ; прев. от нем. Анета Пантелеева. |
| 260 ## - Област на издателските данни | |
| Място на издаване | [София] |
| Име на издателя | Прозорец |
| Година на издаване | 2024 |
| Печатница | [Костинброд] : [Мултипринт ООД] |
| 9 (RLIN) | 209461 |
| 300 ## - Физическа характеристика | |
| Брой страници | 111 с. |
| Илюстрации | с цв. ил. |
| Размер | 29 см |
| 380 ## - Жанр | |
| Жанр | Детска отраслова лит. |
| 500 ## - Общи забележки | |
| Обща забележка | Ориг. загл.: Hört sich gut an / Ole Könnecke. - За авт.: с. 110 |
| 650 #0 - Допълнително описание по предмет – тема | |
| 9 (RLIN) | 291725 |
| Предметна рубрика | Музика - връзка и взаимодействие с други изкуства |
| 650 #7 - Допълнително описание по предмет – тема | |
| Предметна рубрика | Музикални инструменти - речници и справочници |
| Източник на редна или ключова дума | |
| 9 (RLIN) | 163022 |
| 653 ## - Ключова дума – ненормативна | |
| 9 (RLIN) | 465904 |
| Ключови думи | детска и юношеска литература |
| 700 ## - Други автори (авторска отговорност) | |
| Друг автор | Кьонеке, Ханс |
| 9 (RLIN) | 494643 |
| 700 ## - Други автори (авторска отговорност) | |
| Друг автор | Пантелеева, Анета Димитрова |
| 9 (RLIN) | 389684 |
| 852 ## - Местоположение | |
| Сигнатура (форматна) | Цб ІІ 33245 |
| Отдел | Хранилище |
| 942 ## - АРТИКУЛИ | |
| Вид на библиотечния документ | Книги |
| Източник на класификационната схема | Universal Decimal Classification |
| Скрит в OPAC | Не |
| Периодичен библиозапис | Да |
| Koha issues (borrowed), all copies | 4 |
| 944 ## - СЪЗДАВАНЕ И РЕДАКЦИЯ на ЗАПИСА | |
| Дата на регистрацията/редакция | Севдалина Тодорова |
| Служител, извършил регистрацията/редакцията | 30542 |
| Номер на служител | Русанова Ирена |
| 999 ## - СИСТЕМНИ КОНТРОЛНИ НОМЕРА | |
| Koha biblionumber | 517250 |
| Koha biblioitemnumber | 517250 |
| 999 ## - СИСТЕМНИ КОНТРОЛНИ НОМЕРА | |
| Koha biblioitemnumber | 517250 |
| Код за отписване | Код за изгубен артикул | Източник на класификационната схема | Код за повреда | Коз за рестрикции | Код за отдаване | Артикулен № | Име на библиотеката - собственик | Име на библиотеката, в която се намира в момента | Статус (Текущо местоположение) | Дата на вписване в системата | Местоположение - отдел | Цена в лева | Инвентарен номер | Систематично азбучна сигнатура | Баркод | Цена в евро | Служебен тип на артикула |
|---|---|---|---|---|---|---|---|---|---|---|---|---|---|---|---|---|---|
| Не е изгубен | Universal Decimal Classification | Не е повреден | само за читалня | ползва се в читалня | 949373 | Регионална библиотека "Любен Каравелов" Русе | Регионална библиотека "Любен Каравелов" Русе | Хранилище | 2024-09-19 | Хранилище | 25.00 | 120000912743 | Цб ІІ 33245 | 120000912743 | 12.78 | Книги | |
| Не е изгубен | Universal Decimal Classification | Не е повреден | заемане за дома | 958257 | Регионална библиотека "Любен Каравелов" Русе | Регионална библиотека "Любен Каравелов" Русе | Детски отдел | 2025-01-15 | Детски отдел | 16.25 | 120000916848 | ДН 78/К 98-О | 120000916848 | 8.31 | Книги | ||
| Не е изгубен | Universal Decimal Classification | Не е повреден | заемане за дома | 958258 | Регионална библиотека "Любен Каравелов" Русе | Регионална библиотека "Любен Каравелов" Русе | Детски отдел | 2025-01-15 | Детски отдел | 16.25 | 120000916847 | ДН 78/К 98-О | 120000916847 | 8.31 | Книги |